000 00826cam a2200241 i 4500
001 17818091
005 20241209132522.0
008 130719s2014 enka b 001 0 eng
020 _a9780415721745 (hbk)
020 _a9781444183092 (pbk)
020 _z9780203784969 (ebk)
050 0 0 _aPE1135
_b.C78 2014
082 0 0 _a421/.58
_223
100 1 _aCruttenden, Alan,
_d1936-
_eauthor.
245 1 0 _aGimson's pronunciation of English /
_cAlan Cruttenden.
250 _aEighth Edition.
300 _axxvi, 381 pages :
_billustrations ;
_c24 cm
500 _aRev. ed. of: An introduction to the pronunciation of English. 4th ed. 1989.
650 0 _aEnglish language
_xPhonetics.
650 0 _aEnglish language
_xPronunciation.
700 1 2 _aGimson, A. C.
_tIntroduction to the pronunciation of English.
942 _2lcc
_cBK
_n0
999 _c1997
_d1997